000 00218nam a22000857a 4500
008 170116b xxu||||| |||| 00| 0 eng d
100 _92424
_aNCERT
245 _aSocial Science Democratic-IX
260 _aNew Delhi
_bNECRT
_c2006
999 _c5464
_d5464